Estatísticas para Jogadores de futebol pelos clubes que jogaram

Clique aqui para jogar o quiz

Estatísticas Gerais

  • Esse quiz foi jogado 2 356 vezes
  • A pontuação média é 14 de 25

Estatísticas das Respostas

ClubesJogador% Correto
Boca Juniors - Corinthians - West Ham - Manchester United - Manchester City - Juventus - Boca Juniors - Shanghai Shenhua - Boca JuniorsCarlos Tévez
83%
Sporting - Manchester United - Real Madrid - JuventusCristiano Ronaldo
83%
Parma - Juventus - Paris Saint Germain - JuventusGianluigi Buffon
79%
São PauloRogério Ceni
74%
Groningen - PSV Eindhoven - Chelsea - Real Madrid - Bayern de Munique - GroningenArjen Robben
73%
Vasco da Gama - Inter de Milão - Espanyol - Liverpool - Barcelona - Bayern de MuniquePhilippe Coutinho
72%
Coritiba - Palmeiras - Parma - Flamengo - Palmeiras - Cruzeiro - Palmeiras - Cruzeiro - Fenerbahçe - CoritibaAlex
71%
Barcelona - Al-SaddXavi
66%
Alianza Lima - Bayern de Munique - Hamburgo - Corinthians - Flamengo - InternacionalPaolo Guerrero
63%
Genk - Chelsea - Werder Bremen - Wolfsburg - Manchester CityKevin de Bruyne
62%
Liverpool - Los Angeles GalaxySteven Gerrard
59%
Schalke - Bayern de MuniqueManuel Neuer
58%
Internacional - Milan - Corinthians - São Paulo - Chelsea - Villareal - Tianjin Tianhai - São PauloAlexandre Pato
57%
Santos - Real Madrid - Manchester City - Santos - Milan - Santos - Guangzhou Evergrande - Atlético-MG - Sivasspor - BasaksehirRobinho
56%
Santa Cruz - Mogi Mirim - Corinthians - Palmeiras - Deportivo La Coruña - Barcelona - Milan - Cruzeiro - Olympiakos - AEK Atenas - Bunyodkor - São Paulo - Kabuscorp - São Caetano - Mogi MirimRivaldo
55%
Audax - FC Vilnius - LKS Lodz - Audax - Bragantino - Corinthians - Tottenham - Guangzhou Evergrande - Barcelona - Guangzhou EvergrandePaulinho
53%
Manchester United - Preston North End - Real Madrid - Los Angeles Galaxy - Milan - Paris Saint GermainDavid Beckham
47%
Flamengo - Udinese - Flamengo - Kashima AntlersZico
47%
Boca Juniors - Barcelona - Villareal - Boca Juniors - Argentinos JuniorsJuan Román Riquelme
46%
Lumezzane - Inter de Milão - Manchester City - Milan - Liverpool - Milan - Nice - Olympique de Marselha - BresciaMario Balotelli
40%
Ajax - Real Madrid - Inter de Milão - Galatasaray - Nice - Al-GharafaWesley Sneijder
35%
Le Mans - Guingamp - Olympique de Marselha - Chelsea - Shanghai Shenhua - Galatasaray - Chelsea - Montreal Impact - Phoenix RisingDidier Drogba
25%
União Bandeirante - Atlético-PR - Cruzeiro - Vasco da Gama - CruzeiroFábio
25%
Real Madrid Castilla - Leganés - Espanyol - Mallorca - Barcelona - Inter de Milão - Anzhi Makhachkala - Chelsea - Everton - Sampdoria - Antalyaspor - Konyaspor - Qatar SCSamuel Eto'o
23%
Chemnitzer - Kaiserslautern - Bayer Leverkusen - Bayern de Munique - Chelsea - Bayer LeverkusenMichael Ballack
22%

Distribuição das Pontuações

Percentil de Números Respondidos

Porcentagem de Pessoas com Cada Pontuação

Sua Pontuação Histórica

Você não jogou esse quiz